000 00654cam a2200229 a 4500
999 _c1032
_d1032
020 _a081518252X
050 0 0 _aQP34.5
_b.S4
100 1 _aSeeley, Rod R.
245 1 0 _aAnatomy & physiology /
_cRod R. Seeley, Trent D. Stephens, Philip Tate.
250 _a3rd ed., rev. printing
260 _aSt. Louis :
_bMosby,
_cc1995.
300 _axvii, 1020, [107] p. :
_bill. (some col.) ;
_c29 cm.
500 _aIncludes index.
500 _a"Revised printing"--Cover.
650 0 _aHuman physiology.
650 0 _aHuman anatomy.
650 2 _aAnatomy.
650 2 _aPhysiology.
700 1 _aStephens, Trent D.
700 1 _aTate, Philip.
942 _cBK